000 00370nam a2200133Ia 4500
008 191206s9999 xx 000 0 und d
090 _aE178.M85
245 0 _agrowth of the American republic
250 _aRev. and enl. ed.
260 _aOxford University Press
260 _cc1937
300 _a2 v.
999 _c16096
_d16096